Across the pacific an inner history of american-east asian relations

Uloženo v:
Podrobná bibliografie
Hlavní autor: Iriye, Akira (Autor)
Médium: Kniha
Jazyk:angličtina
Vydáno: Nueva York Harcourt, Brace and World 1967
Témata:
Tagy: Přidat tag
Žádné tagy, Buďte první, kdo vytvoří štítek k tomuto záznamu!

MARC

LEADER 00000nam a2200000 a 4500
001 UCN3852
003 CL-VaPUC
008 010713e19670000US |||||||||||||||||eng|d
082 0 4 |a 327.973  |b IRI  |2 21 
100 0 |a Iriye, Akira  |e author  |9 460431 
245 1 0 |a Across the pacific an inner history of american-east asian relations 
300 |a 361 p 
942 |c BK 
945 |d 20010713 00:00:00  |a rbrito 
260 |a Nueva York  |b Harcourt, Brace and World  |c 1967 
650 0 |a Relaciones Internacionales  |9 255740 
650 0 |a Relaciones Exteriores  |9 255379 
650 0 |a Imperialismo  |9 258264 
651 0 |a Estados Unidos  |9 255178 
651 0 |a China   |9 257545 
651 0 |a Japón   |9 260391 
583 |a last modification  |c 20010713 00:00:00  |k Rodrigo Vera 
999 |c 296523  |d 296521 
952 |0 0  |1 0  |4 0  |6 327_973000000000000_IRI_1967  |7 0  |8 A  |9 350326  |a BIBGIM  |b BIBGIM  |d 2019-11-20  |i 3614212  |o 327.973 IRI 1967  |p 3614212  |r 2025-01-15  |w 2019-11-20  |y BK  |k ORI